Estonian Meistriliiga Champions - Statistics

General Stats
  • This quiz has been taken 12 times
  • The average score is 29 of 35
Answer Stats
Year Answer % Correct
1993/94 Flora
100%
1994/95 Flora
100%
1997/98 Flora
100%
1998 Flora
100%
2001 Flora
100%
2002 Flora
100%
2003 Flora
100%
2010 Flora
100%
2011 Flora
100%
2015 Flora
100%
2017 Flora
100%
2019 Flora
100%
2020 Flora
100%
2022 Flora
100%
2023 Flora
100%
2025 Flora
100%
1999 Levadia
92%
2000 Levadia
92%
2004 Levadia
92%
2006 Levadia
92%
2007 Levadia
92%
2008 Levadia
92%
2009 Levadia
92%
2013 Levadia
92%
2014 Levadia
92%
2021 Levadia
92%
2024 Levadia
92%
2012 Nõmme Kalju
92%
2018 Nõmme Kalju
92%
2016 Infonet
33%
2005 TVMK
33%
1995/96 Lantana
25%
1996/97 Lantana
25%
1992 Norma
17%
1992/93 Norma
17%
No matching quizzes found
Score Distribution
Percent of People with Each Score
Percentile by Number Answered
Your Score History
You have not taken this quiz